[Event "Podgorica Niksic Memorial"]
[Site "Podgorica"]
[Date "2021.04.27"]
[Round "7"]
[White "Travadon, Loic"]
[Black "Sahin, Ozgun"]
[Result "1-0"]
[WhiteElo "2414"]
[BlackElo "2281"]
[PlyCount "115"]
[EventDate "2021.04.23"]
[EventType "swiss"]
[EventRounds "9"]
[EventCountry "MNE"]
[SourceTitle "CBM 202 Extra"]
[Source "ChessBase"]
[SourceDate "2021.07.31"]
[SourceVersion "1"]
[SourceVersionDate "2021.07.31"]
[SourceQuality "1"]

1. Nf3 c5 2. e4 Nc6 3. Nc3 Nf6 4. Bb5 g6 5. h3 Bg7 6. e5 Ng8 7. 0-0 Nh6 8. Re1 0-0 9. Ne4 d6 10. exd6 exd6 11. Bxc6 bxc6 12. d4 cxd4 13. Bg5 f6 14. Bxh6 Bxh6 15. Qxd4 d5 16. Nc5 Bg7 17. c4 dxc4 18. Qxc4+ Qd5 19. Qxd5+ cxd5 20. Rad1 Rd8 21. Nd4 Bf8 22. b4 a5 23. Nc6 Rd6 24. Nxa5 Rb6 25. Rxd5 Rxb4 26. Nc6 Rb5 27. Ne7+ Kf7 28. Nxc8 Rxc5 29. Rd7+ Kg8 30. Ne7+ Bxe7 31. Rexe7 Rc1+ 32. Kh2 Rc2 33. Rg7+ Kh8 34. Rxh7+ Kg8 35. Rhg7+ Kh8 36. Rxg6 Rxf2 37. Rd4 Ra7 38. a4 Ra2 39. Rxf6 R2xa4 40. Rxa4 Rxa4 41. Rf7 Rb4 42. g4 Rb3 43. Kg2 Kg8 44. Rf3 Rb4 45. Kg3 Kg7 46. h4 Kg8 47. h5 Kg7 48. Kh4 Rb5 49. Rf5 Rb6 50. Kg5 Ra6 51. Rc5 Rb6 52. h6+ Kh7 53. Rc7+ Kg8 54. Kh5 Ra6 55. g5 Ra1 56. Rc8+ Kf7 57. g6+ Kf6 58. Rf8+ 1-0

[Event "Podgorica Niksic Memorial"]
[Site "Podgorica"]
[Date "2021.04.26"]
[Round "5"]
[White "Sahin, Ozgun"]
[Black "Nikcevic, Nebojsa"]
[Result "1/2-1/2"]
[WhiteElo "2281"]
[BlackElo "2393"]
[PlyCount "24"]
[EventDate "2021.04.23"]
[EventType "swiss"]
[EventRounds "9"]
[EventCountry "MNE"]
[SourceTitle "CBM 202 Extra"]
[Source "ChessBase"]
[SourceDate "2021.07.31"]
[SourceVersion "1"]
[SourceVersionDate "2021.07.31"]
[SourceQuality "1"]

1. e4 c5 2. Nf3 Nc6 3. d4 cxd4 4. Nxd4 e5 5. Nb5 d6 6. N5c3 Nf6 7. Bg5 Be6 8. Na3 Rc8 9. Nc4 Nd4 10. Bxf6 gxf6 11. Ne3 Qa5 12. Bd3 h5 1/2-1/2